Villes d'Espagne - Statistiques

Statistiques générales
  • Ce quiz a été pris 244 fois
  • Le résultat moyen est 19 sur 50
Statistiques - réponses
regions villes habs % Correct
Catalogne Barcelone 1.6m
100%
Madrid Madrid 3.3m
99%
Communauté Valencienne Valence 807k
96%
Andalousie Seville 684k
95%
Pays Basque Bilbao 346k
80%
Andalousie Malaga 586k
79%
Andalousie Grenade 230k
66%
Aragon Saragosse 682k
62%
Région de Murcie Murcie 469k
60%
Iles Baléares Palma 423k
59%
Pays Basque Saint-Sebastien 188k
54%
Communauté Valencienne Alicante 349k
52%
Iles Canaries Las Palmas 378k
51%
Andalousie Cordoue 323k
47%
Galice Vigo 293k
47%
Andalousie Cadix 111k
46%
Castille-et-Leon Valladolid 297k
46%
Navarre Pampelune 205k
45%
Galice La Corogne 247k
44%
Catalogne Gérone 104k
43%
Iles Baléares Ibiza 51k
41%
Asturies Oviedo 217k
35%
Castille-la-Manche Tolède 86k
34%
Asturies Gijon 268k
33%
Castille-et-Leon Leon 121k
33%
Catalogne Tarragone 138k
33%
Andalousie Almeria 200k
32%
Galice Saint-jacques-de-Compostelle 98k
32%
Cantabrie Santander 172k
32%
Castille-et-Leon Burgos 174k
27%
Castille-et-Leon Salamanque 143k
26%
Andalousie Huelva 142k
23%
Estrémadure Badajoz 150k
19%
Andalousie Marbella 156k
19%
Région de Murcie Carthagène 218k
16%
Castille-la-Manche Albacete 173k
15%
Communauté Valencienne Benidorm 72k
15%
Galice Lugo 98k
15%
Pays Basques Vitoria-Gasteiz 255k
15%
Catalogne Lérida 143k
14%
Estrémadure Mérida 59k
14%
Iles Canaries Santa Cruz de Tenerife 209k
14%
Estrémadure Cáceres 96k
12%
Galice Pontevedra 82k
8%
Communauté Valencienne Castellón de la Plana 176k
7%
Catalogne Figueres 47k
6%
Communauté Valencienne Dénia 45k
3%
Catalogne Lloret de Mar 41k
3%
Iles Canaries Arrecife 64k
1%
Andalousie Fuengirola 85k
0%
Aucun quiz correspondant
Distribution des résultats
% des personnes avec chaque résultat
Percentile par nombre de réponses
Votre historique - résultats
Vous n’avez pas pris ce quiz